Шлем ужаса. Креатифф о Тесее и Минотавре

Dettagli Bibliografici
Autore principale: Пелевин В. О. Виктор Олегович
Lingua:russo
Pubblicazione: Москва, Открытый Мир, 2005
Serie:Мифы
Soggetti:
Natura: MixedMaterials Libro
KOHA link:https://koha.lib.tpu.ru/cgi-bin/koha/opac-detail.pl?biblionumber=100544

MARC

LEADER 00000nam0a2200000 4500
001 100544
005 20231101214320.0
010 |a 5974300106  |b (в пер.)  |b 100000 экз. 
021 |a RU  |b 05-77895  |9 05-3841 
035 |a (RuTPU)RU\TPU\book\108189 
090 |a 100544 
100 |a 20060824d2005 m y0rusy5002 ca 
101 0 |a rus 
102 |a RU 
105 |a y z 000ay 
200 1 |a Шлем ужаса. Креатифф о Тесее и Минотавре  |f В. О. Пелевин 
210 |a Москва  |c Открытый Мир  |d 2005 
215 |a 223 с. 
225 1 |a Мифы 
610 1 |a древнегреческие мифы 
610 1 |a русская литература 
610 1 |a пересказы 
675 |a Р2  |v 3  |z rus 
700 1 |a Пелевин  |b В. О.  |c русский писатель  |c прозаик  |f 1962-  |g Виктор Олегович  |2 stltpush  |3 (RuTPU)RU\TPU\pers\4802  |9 1045 
801 0 |a RU  |b RKP  |c 20060202  |g PSBO 
801 1 |a RU  |b 63413507  |c 20060824  |g PSBO 
801 2 |a RU  |b 63413507  |c 20171011  |g PSBO 
942 |c BK